CAN Discography - Statistics

General Stats
  • This quiz has been taken 3 times
  • The average score is 7 of 31
Answer Stats
Type Year Name % Correct
Album 1972 Ege Bamyasi
100%
Album 1973 Future Days
100%
Album 1971 Tago Mago
100%
Album 1979 Can
67%
Album 1969 Monster Movie
67%
Compilation 1978 Cannibalism
33%
Compilation 1992 Cannibalism 2
33%
Compilation 1993 Cannibalism 3
33%
Compilation 1981 Delay 1968
33%
Album 1989 Rite Time
33%
Album 1974 Soon Over Babaluma
33%
Soundtrack Compilation 1970 Soundtracks
33%
Compilation 2012 The Lost Tapes
33%
Compilation 1976 Unlimited Edition
33%
Soundtrack 2009 Agilok & Blubbo
0%
Compilation 1993 Anthology
0%
Live Album 1999 Can Live Music (Live 1971-1977)
0%
Album 1976 Flow Motion
0%
Bootleg 1994 Horrortrip in the Paperhouse: Live 1972/73
0%
Compilation 1983 Incandescence
0%
Soundtrack 2009 Kamasutra: Vollendung Der Liebe
0%
Album 1975 Landed
0%
Compilation 1974 Limited Edition
0%
Compilation 1976 Opener
0%
Album 1978 Out of Reach
0%
Bootleg 1997 Radio Waves
0%
Remix Album 1997 Sacrilege
0%
Album 1977 Saw Delight
0%
Compilation 1995 The Peel Sessions
0%
Compilation 2017 The Singles
0%
Bootleg 2006 Zhengzheng Rikang
0%
No matching quizzes found
Score Distribution
Percent of People with Each Score
Percentile by Number Answered
Your Score History
You have not taken this quiz